[Event "Cattolica Halloween op"]
[Site "Cattolica"]
[Date "2021.10.29"]
[Round "4"]
[White "Ermeni, Avni"]
[Black "Krivenko, Dion"]
[Result "1/2-1/2"]
[WhiteElo "2147"]
[BlackElo "2045"]
[PlyCount "40"]
[EventDate "2021.10.27"]
[EventType "swiss"]
[EventRounds "9"]
[EventCountry "ITA"]
[SourceTitle "CBM 204 Extra"]
[Source "ChessBase"]
[SourceDate "2021.11.30"]
[SourceVersion "1"]
[SourceVersionDate "2021.11.30"]
[SourceQuality "1"]

1. c4 e5 2. Nc3 Nc6 3. g3 g6 4. Bg2 Bg7 5. d3 Nge7 6. Rb1 0-0 7. b4 d6 8. b5 Nb8 9. Nf3 Nd7 10. 0-0 h6 11. Qc2 f5 12. a4 g5 13. Ba3 Rb8 14. Rfd1 b6 15. a5 Bb7 16. e4 Rf7 17. Nd5 Bc8 18. axb6 axb6 19. Bb2 Nc5 20. d4 Nxd5 1/2-1/2

[Event "Cappelle Online Blitz op"]
[Site "Europe Echecs INT"]
[Date "2021.03.07"]
[Round "5"]
[White "Chigaev, Maksim"]
[Black "Ermeni, Avni"]
[Result "1-0"]
[WhiteElo "2631"]
[BlackElo "2150"]
[PlyCount "51"]
[EventDate "2021.03.07"]
[EventType "swiss (blitz)"]
[EventRounds "11"]
[EventCountry "FRA"]
[SourceTitle "CBM 201 Extra"]
[Source "ChessBase"]
[SourceDate "2021.05.31"]
[SourceVersion "1"]
[SourceVersionDate "2021.05.31"]
[SourceQuality "1"]

1. d4 Nf6 2. c4 c5 3. Nf3 cxd4 4. Nxd4 e5 5. Nc2 Nc6 6. Nc3 d6 7. g3 Be6 8. Ne3 Be7 9. Bg2 0-0 10. 0-0 Rc8 11. b3 a6 12. Bb2 Qa5 13. Qd2 Rfd8 14. Rfd1 b5 15. cxb5 axb5 16. Ncd5 Qxd2 17. Nxe7+ Nxe7 18. Rxd2 e4 19. Bxf6 gxf6 20. Bxe4 d5 21. Rad1 Ra8 22. Nxd5 Nxd5 23. Bxd5 Bxd5 24. Rxd5 Rxd5 25. Rxd5 Rxa2 26. e3 1-0

[Event "Cappelle Online Blitz op"]
[Site "Europe Echecs INT"]
[Date "2021.03.07"]
[Round "2"]
[White "Gourarier, Emmanuel"]
[Black "Ermeni, Avni"]
[Result "0-1"]
[WhiteElo "1463"]
[BlackElo "2150"]
[PlyCount "54"]
[EventDate "2021.03.07"]
[EventType "swiss (blitz)"]
[EventRounds "11"]
[EventCountry "FRA"]
[SourceTitle "CBM 201 Extra"]
[Source "ChessBase"]
[SourceDate "2021.05.31"]
[SourceVersion "1"]
[SourceVersionDate "2021.05.31"]
[SourceQuality "1"]

1. g3 f5 2. Bg2 Nf6 3. Nf3 e6 4. 0-0 d6 5. d3 Be7 6. Bg5 h6 7. Bxf6 Bxf6 8. c3 0-0 9. Nbd2 c6 10. e4 e5 11. Qb3+ Kh8 12. exf5 Na6 13. Ne4 Be7 14. d4 exd4 15. Nxd4 d5 16. Ne6 Bxe6 17. fxe6 dxe4 18. Qxb7 Nc5 19. Qxc6 Rc8 20. Qb5 Rb8 21. Qe2 Qd3 22. Qg4 Rxb2 23. Rfd1 Rfxf2 24. Rxd3 Rxg2+ 25. Kf1 Rbf2+ 26. Ke1 Nxd3+ 27. Kd1 Rd2# 0-1

[Event "KOS-chT"]
[Site "Pristina"]
[Date "2019.04.30"]
[Round "2.4"]
[White "Ermeni, Avni"]
[Black "Danov, Lyubomir"]
[Result "1/2-1/2"]
[WhiteElo "2166"]
[BlackElo "2326"]
[PlyCount "130"]
[EventDate "2019.04.29"]
[EventType "team-tourn"]
[EventRounds "7"]
[EventCountry "KOS"]
[SourceTitle "CBM 190 Extra"]
[Source "ChessBase"]
[SourceDate "2019.07.15"]
[SourceVersion "1"]
[SourceVersionDate "2019.07.15"]
[SourceQuality "1"]
[WhiteTeam "Vellaznimi"]
[BlackTeam "Llamkosi"]
[WhiteTeamCountry "KOS"]
[BlackTeamCountry "KOS"]

1. c4 e5 2. g3 d6 3. Bg2 f5 4. Nc3 Nf6 5. d3 Be7 6. e3 0-0 7. Nge2 c6 8. 0-0 Be6 9. b3 Na6 10. Bb2 Qe8 11. Qd2 Qh5 12. d4 Ng4 13. h3 Nh6 14. d5 Bd7 15. dxc6 bxc6 16. f4 Nf7 17. Ba3 Rad8 18. Rad1 Nc5 19. Bxc5 dxc5 20. Qb2 exf4 21. exf4 Nd6 22. Rd2 Qe8 23. Kh2 Rb8 24. Qc2 Be6 25. Nc1 Rf6 26. Re1 Nf7 27. Rde2 Nd8 28. Nd3 Qf8 29. Ne5 Rc8 30. Nd7 Bxd7 31. Rxe7 Rf7 32. R7e5 Nb7 33. Qf2 Re8 34. Na4 Rfe7 35. Nxc5 Rxe5 36. Nxd7 Rxe1 37. Nxf8 Kxf8 38. Qxa7 Nd8 39. Qc5+ Kg8 40. Qxf5 Nf7 41. a4 R1e2 42. Qc5 Nd8 43. Qd4 Nf7 44. Qb6 Nd8 45. a5 Rd2 46. a6 Ree2 47. Qg1 Ra2 48. a7 c5 49. Kh1 Rxa7 50. Qxc5 Ra1+ 51. Kh2 Raa2 52. Qd5+ Nf7 53. c5 Kf8 54. c6 Rxg2+ 55. Qxg2 Rxg2+ 56. Kxg2 Ke7 57. Kf3 Kd6 58. Ke4 Kxc6 59. g4 Kd6 60. h4 g6 61. f5 gxf5+ 62. Kxf5 Ke7 63. g5 Nd6+ 64. Ke5 Nb5 65. h5 Kf7 1/2-1/2

[Event "KOS-chT"]
[Site "Pristina"]
[Date "2019.04.29"]
[Round "1.4"]
[White "Nikolovski, Nikola"]
[Black "Ermeni, Avni"]
[Result "1-0"]
[WhiteElo "2391"]
[BlackElo "2166"]
[PlyCount "63"]
[EventDate "2019.04.29"]
[EventType "team-tourn"]
[EventRounds "7"]
[EventCountry "KOS"]
[SourceTitle "CBM 190 Extra"]
[Source "ChessBase"]
[SourceDate "2019.07.15"]
[SourceVersion "1"]
[SourceVersionDate "2019.07.15"]
[SourceQuality "1"]
[WhiteTeam "Fushe Kosova"]
[BlackTeam "Vellaznimi"]
[WhiteTeamCountry "KOS"]
[BlackTeamCountry "KOS"]

1. e4 e5 2. Nf3 Nc6 3. Bc4 Nf6 4. d3 Bc5 5. 0-0 d6 6. c3 0-0 7. a4 Bb6 8. Bg5 a6 9. Nbd2 Ne7 10. a5 Ba7 11. Bxf6 gxf6 12. Nh4 Ng6 13. Qh5 Nxh4 14. Qxh4 Qe7 15. Kh1 Kh8 16. Qh5 Be6 17. Nf3 Rg8 18. Nh4 Rg5 19. Qe2 Rag8 20. Bxe6 fxe6 21. g3 Qg7 22. f4 exf4 23. Rxf4 Rg4 24. Raf1 Rxf4 25. Rxf4 Qg5 26. Qf1 Rf8 27. Qh3 e5 28. Rf1 Qg8 29. Nf5 Qf7 30. Qh6 Rg8 31. Nh4 Rf8 32. Ng6+ 1-0

[Event "KOS-chT"]
[Site "Pristina"]
[Date "2018.05.11"]
[Round "5.2"]
[White "Ermeni, Avni"]
[Black "Uruci, Endrit"]
[Result "1/2-1/2"]
[WhiteElo "2202"]
[BlackElo "2189"]
[PlyCount "55"]
[EventDate "2018.05.07"]
[EventType "team-tourn"]
[EventRounds "7"]
[EventCountry "KOS"]
[SourceTitle "EXT 2019"]
[Source "ChessBase"]
[SourceDate "2018.10.10"]
[SourceVersion "1"]
[SourceVersionDate "2018.10.10"]
[SourceQuality "1"]
[WhiteTeam "Vellaznimi"]
[BlackTeam "Dardania"]
[WhiteTeamCountry "KOS"]
[BlackTeamCountry "KOS"]

1. e4 c5 2. Nc3 Nc6 3. f4 g6 4. Nf3 Bg7 5. Bb5 e6 6. Bxc6 dxc6 7. 0-0 Nf6 8. d3 0-0 9. Qe1 b6 10. Kh1 Ne8 11. Be3 Nd6 12. Ne5 f6 13. Nf3 Nb5 14. Ne2 e5 15. fxe5 fxe5 16. Bg5 Qd7 17. h3 Bb7 18. Qh4 Rf7 19. Bh6 Raf8 20. Bxg7 Kxg7 21. Kh2 Qe7 22. Qg3 Nd4 23. Nexd4 cxd4 24. Rf2 Bc8 25. Raf1 Rf4 26. Nd2 Qf6 27. Rxf4 exf4 28. Qf2 1/2-1/2

[Event "KOS-chT"]
[Site "Pristina"]
[Date "2018.05.07"]
[Round "1.2"]
[White "Ermeni, Avni"]
[Black "Dushi, Burim"]
[Result "0-1"]
[WhiteElo "2202"]
[BlackElo "2016"]
[PlyCount "56"]
[EventDate "2018.05.07"]
[EventType "team-tourn"]
[EventRounds "7"]
[EventCountry "KOS"]
[SourceTitle "EXT 2019"]
[Source "ChessBase"]
[SourceDate "2018.10.10"]
[SourceVersion "1"]
[SourceVersionDate "2018.10.10"]
[SourceQuality "1"]
[WhiteTeam "Vellaznimi"]
[BlackTeam "Decani"]
[WhiteTeamCountry "KOS"]
[BlackTeamCountry "KOS"]

1. e4 e6 2. d4 d5 3. Nc3 Nf6 4. Bg5 Be7 5. e5 Nfd7 6. h4 a6 7. Qg4 f5 8. exf6 Nxf6 9. Qg3 Bd6 10. Qe3 0-0 11. Nf3 h6 12. Bd3 Ng4 13. Qe2 hxg5 14. hxg5 Bf4 15. Rh4 e5 16. Nxd5 Bxg5 17. Rh5 Bh6 18. Qe4 Re8 19. dxe5 c6 20. Nf4 Nf6 21. Bc4+ Be6 22. Nxe6 Qa5+ 23. Kf1 Nxe4 24. Neg5+ Qd5 25. Bxd5+ cxd5 26. Nxe4 dxe4 27. Nh4 Nc6 28. Nf5 e3 0-1

[Event "Lisbon Portugal rapid op"]
[Site "Lisbon"]
[Date "2018.02.10"]
[Round "1"]
[White "Ermeni, Avni"]
[Black "Avelino, Camila Biscaya"]
[Result "1-0"]
[WhiteElo "2214"]
[BlackElo "1694"]
[PlyCount "127"]
[EventDate "2018.02.10"]
[EventType "swiss (rapid)"]
[EventRounds "8"]
[EventCountry "POR"]
[SourceTitle "CBM 182 Extra"]
[Source "ChessBase"]
[SourceDate "2018.02.23"]
[SourceVersion "1"]
[SourceVersionDate "2018.02.23"]
[SourceQuality "1"]

1. e4 e5 2. Nf3 Nc6 3. Bc4 Nf6 4. d3 h6 5. c3 g6 6. a4 Bg7 7. Qe2 0-0 8. 0-0 d6 9. Nbd2 Re8 10. Bb3 Be6 11. Bc2 a6 12. a5 d5 13. Re1 dxe4 14. dxe4 Qe7 15. b4 Bd7 16. Ba3 Qd8 17. Rad1 Qc8 18. Nb3 Bg4 19. h3 Bxf3 20. Qxf3 b6 21. Bc1 Kh7 22. axb6 cxb6 23. Rd6 Re6 24. Rd2 Qc7 25. Red1 Rd8 26. Bb1 Red6 27. Qe2 a5 28. Qc4 axb4 29. cxb4 Rxd2 30. Rxd2 Rxd2 31. Bxd2 Qd7 32. Bd3 Nd4 33. Nxd4 Qxd4 34. Be3 Qxc4 35. Bxc4 Nxe4 36. Bxb6 Bf8 37. Ba5 Nd6 38. Bd5 f6 39. Bc6 Nc4 40. Bd8 Bxb4 41. Bxf6 Bd6 42. Bd5 Nb6 43. Be6 Na4 44. Kf1 g5 45. Bf5+ Kg8 46. Be6+ Kh7 47. Ke2 Kg6 48. Bd8 Nc5 49. Bc8 Kf7 50. Ke3 Ne6 51. Ba5 Bc5+ 52. Ke4 Kf6 53. Kd5 Bxf2 54. Bxe6 Bd4 55. Bd8+ Kg6 56. Ke4 Bc3 57. Bf5+ Kf7 58. Bh7 Kg7 59. Bf5 Kf7 60. Bd7 Bd4 61. Kf5 Bc3 62. Bf6 Bd4 63. Be6+ Ke8 64. Kg6 1-0

[Event "Lisbon Portugal rapid op"]
[Site "Lisbon"]
[Date "2018.02.10"]
[Round "7"]
[White "Ermeni, Avni"]
[Black "Fidalgo, Andre Neves"]
[Result "1/2-1/2"]
[WhiteElo "2214"]
[BlackElo "2205"]
[PlyCount "59"]
[EventDate "2018.02.10"]
[EventType "swiss (rapid)"]
[EventRounds "8"]
[EventCountry "POR"]
[SourceTitle "CBM 182 Extra"]
[Source "ChessBase"]
[SourceDate "2018.02.23"]
[SourceVersion "1"]
[SourceVersionDate "2018.02.23"]
[SourceQuality "1"]

1. e4 c5 2. Nc3 g6 3. f4 Nc6 4. Nf3 Bg7 5. Bb5 Nd4 6. 0-0 Nxb5 7. Nxb5 d5 8. exd5 a6 9. Nc3 Nf6 10. d4 Nxd5 11. dxc5 Nxc3 12. Qxd8+ Kxd8 13. bxc3 Bxc3 14. Rb1 Kc7 15. Rb3 Bf6 16. Bd2 Be6 17. Ba5+ Kc6 18. Rb6+ Kxc5 19. Rxb7 Rhc8 20. Nd2 Rab8 21. Rxb8 Rxb8 22. Ne4+ Kc6 23. Nxf6 exf6 24. a3 Rb2 25. Bc3 Rxc2 26. Bxf6 Bc4 27. Rf3 Kd5 28. h3 h5 29. Rf2 Rxf2 30. Kxf2 1/2-1/2